[Event "PUR-ch (Women)"]
[Site "Guaynabo"]
[Date "2020.03.08"]
[Round "4"]
[White "Diaz Acevedo, Isis N"]
[Black "Bengoa Feliciano, Katsi M"]
[Result "1-0"]
[WhiteElo "1582"]
[BlackElo "1251"]
[PlyCount "127"]
[EventDate "2020.03.06"]
[EventType "swiss"]
[EventRounds "5"]
[EventCountry "PUR"]
[SourceTitle "CBM 195 Extra"]
[Source "ChessBase"]
[SourceDate "2020.05.31"]
[SourceVersion "1"]
[SourceVersionDate "2020.05.31"]
[SourceQuality "1"]

1. d4 d5 2. c4 e6 3. Nc3 c6 4. Bf4 f5 5. e3 Bd6 6. Bg3 Nf6 7. Nf3 0-0 8. Be2 Ne4 9. Qc2 b6 10. 0-0 Bxg3 11. hxg3 Qd6 12. Rac1 Qc7 13. cxd5 Nxc3 14. Qxc3 exd5 15. Bb5 Bd7 16. Ne5 Rc8 17. Rc2 c5 18. Nxd7 Nxd7 19. Ba6 Re8 20. Rfc1 Re6 21. Qd3 g6 22. dxc5 Nxc5 23. Qxd5 Rd8 24. Qxe6+ Nxe6 25. Rxc7 Nxc7 26. Rxc7 Rd1+ 27. Kh2 Rd2 28. f3 Rxb2 29. Bc4+ Kh8 30. Rxa7 b5 31. Bb3 Re2 32. Rb7 Rxe3 33. Rxb5 Rd3 34. Rd5 Rc3 35. Kg1 Rc7 36. a4 Rb7 37. Bc4 Kg7 38. a5 Ra7 39. a6 Kf6 40. f4 Ke6 41. Rb5+ Kd6 42. Rb7 Rxb7 43. axb7 Kc7 44. Bg8 h6 45. Bh7 g5 46. Bxf5 Kxb7 47. Kf2 Kc7 48. Kf3 Kd6 49. Kg4 Ke7 50. Kh5 Kf6 51. Bc8 gxf4 52. gxf4 Kg7 53. g4 Kh7 54. Bf5+ Kg7 55. Be4 Kh8 56. Kxh6 Kg8 57. g5 Kh8 58. g6 Kg8 59. Bd5+ Kf8 60. g7+ Ke7 61. g8Q Kd7 62. Qe6+ Kc7 63. Qc6+ Kb8 64. Qb7# 1-0

[Event "Olympiad Women-43"]
[Site "Batumi"]
[Date "2018.10.03"]
[Round "9.4"]
[White "Mongeli, Sasha"]
[Black "Bengoa Feliciano, Katsi M"]
[Result "1-0"]
[WhiteElo "1499"]
[BlackElo "1274"]
[PlyCount "45"]
[EventDate "2018.09.24"]
[EventType "team-swiss"]
[EventRounds "11"]
[EventCountry "GEO"]
[SourceTitle "EXT 2020"]
[Source "ChessBase"]
[SourceDate "2019.10.17"]
[SourceVersion "1"]
[SourceVersionDate "2019.10.17"]
[SourceQuality "1"]
[WhiteTeam "Kenya (W)"]
[BlackTeam "Puerto Rico (W)"]
[WhiteTeamCountry "KEN"]
[BlackTeamCountry "PUR"]

1. e4 e5 2. Nf3 Nc6 3. d4 d6 4. dxe5 Nxe5 5. Nxe5 dxe5 6. Qxd8+ Kxd8 7. Bc4 Ke8 8. Be3 Nf6 9. f3 Bb4+ 10. c3 Ba5 11. Nd2 Ke7 12. Bc5+ Ke8 13. Bb3 Be6 14. Bxe6 fxe6 15. Nc4 Nd7 16. Bf2 Bb6 17. Bg3 Nc5 18. 0-0-0 Rd8 19. Rxd8+ Kxd8 20. Rd1+ Ke7 21. Bh4+ Kf7 22. Nxe5+ Ke8 23. Rd8# 1-0

[Event "Olympiad Women-43"]
[Site "Batumi"]
[Date "2018.09.27"]
[Round "4.63"]
[White "Bengoa Feliciano, Katsi M"]
[Black "Nuha, Rilwan"]
[Result "1/2-1/2"]
[WhiteElo "1274"]
[BlackElo "1053"]
[PlyCount "85"]
[EventDate "2018.09.24"]
[EventType "team-swiss"]
[EventRounds "11"]
[EventCountry "GEO"]
[SourceTitle "EXT 2020"]
[Source "ChessBase"]
[SourceDate "2019.10.17"]
[SourceVersion "1"]
[SourceVersionDate "2019.10.17"]
[SourceQuality "1"]
[WhiteTeam "Puerto Rico (W)"]
[BlackTeam "Maldives (W)"]
[WhiteTeamCountry "PUR"]
[BlackTeamCountry "MDV"]

1. e4 c5 2. Nf3 Nc6 3. Nc3 d6 4. d4 cxd4 5. Nxd4 e5 6. Nf3 Nf6 7. Bb5 Be7 8. 0-0 0-0 9. Re1 Be6 10. Bg5 Re8 11. Nd5 a6 12. Bc4 Bxd5 13. Bxd5 Qd7 14. c4 Rac8 15. Bxc6 Qxc6 16. Bxf6 Bxf6 17. Rc1 Red8 18. Qd5 h6 19. Re3 b5 20. Rec3 b4 21. Qxc6 Rxc6 22. Rb3 a5 23. a3 Rdc8 24. g3 Rxc4 25. Rxc4 Rxc4 26. axb4 axb4 27. Re3 Bd8 28. Nd2 Rd4 29. Nf3 Rc4 30. Nd2 Rc1+ 31. Nf1 Bb6 32. Rb3 Bc5 33. Rf3 Re1 34. Kg2 Rxe4 35. Nd2 Rd4 36. Nb3 Rc4 37. Rd3 f6 38. Rd2 Kf7 39. f3 g5 40. h3 f5 41. Kf1 h5 42. Ke2 h4 43. Kd3 1/2-1/2